Ak̲h̲bār-i Rangīn. (Record no. 62522)

MARC details
000 -LEADER
fixed length control field 00759cam a22002771 4500
001 - CONTROL NUMBER
control field sa 65002214
003 - CONTROL NUMBER IDENTIFIER
control field DLC
005 - DATE AND TIME OF LATEST TRANSACTION
control field 20260227112115.0
008 - FIXED-LENGTH DATA ELEMENTS--GENERAL INFORMATION
fixed length control field 890531s1962 pk b 000 0 urdr
010 ## - LIBRARY OF CONGRESS CONTROL NUMBER
LC control number sa 65002214
035 ## - SYSTEM CONTROL NUMBER
System control number (OCoLC)19792040
040 ## - CATALOGING SOURCE
Original cataloging agency DLC
Transcribing agency WaU
Modifying agency DLC
042 ## - AUTHENTICATION CODE
Authentication code premarc
043 ## - GEOGRAPHIC AREA CODE
Geographic area code a-pk---
050 00 - LIBRARY OF CONGRESS CALL NUMBER
Classification number DS461
Item number .S23 1962
100 0# - MAIN ENTRY--PERSONAL NAME
Personal name Saʻādat Yār K̲h̲ān,
Dates associated with a name -1835.
245 10 - TITLE STATEMENT
Title Ak̲h̲bār-i Rangīn.
260 ## - PUBLICATION, DISTRIBUTION, ETC.
Date of publication, distribution, etc. 1962.
300 ## - PHYSICAL DESCRIPTION
Extent 101 p.
Dimensions 24 cm.
440 #0 - SERIES STATEMENT/ADDED ENTRY--TITLE
Title Pakistan Historical Society publication ;
Volume/sequential designation no. 29
500 ## - GENERAL NOTE
General note In Urdu.
500 ## - GENERAL NOTE
General note Text partially vocalized.
504 ## - BIBLIOGRAPHY, ETC. NOTE
Bibliography, etc. note Bibliography: p. 94-101.
651 #0 - SUBJECT ADDED ENTRY--GEOGRAPHIC NAME
Geographic name Mogul Empire
General subdivision History.
700 1# - ADDED ENTRY--PERSONAL NAME
Personal name Haq, S. Moinul
Fuller form of name (Syed Moinul),
Dates associated with a name 1901-

No items available.

Powered by Koha